000 01302nam0a22003011 4500
001 rc\4646010
005 20250611213742.0
021 _aRU
_bРг5552-63
035 _a(NLR Aleph) 008410571
090 _a9293837
_c9293837
100 _a20130416d1963 |||y0rusy50 ca
101 0 _arus
102 _aRU
105 _ay b |||||
200 1 _aКаталог выставки
_f[Вступ. статья, с. 5-6, засл. деятеля искусств УССР. М. Крошицкого]
_gУпр. культуры Крымоблисполкома. Крымское отд-ние Союза художников Украины
210 _aСимферополь
_cКрымиздат
_d1963
215 _a31 с.
_d14
225 1 _aСоветский книжный знак (1945-1962)
300 _aНа обороте тит. л. сост.: И. Бекетов
702 1 _4220
_7ca
_8rus
_aБекетов
_bИ. И.
_f1906-1968
_gИван Иванович
_9216347
_3RU\NLR\AUTH\770216403
702 1 _aКрошицкий
_bМ.
_4080
710 1 2 _a"Советский книжный знак (1945-1962)" выставка (1963; Симферополь)
801 0 _aRU
_bNLR
_gpsbo
801 1 _aRU
_bELAR
_2rusmarc
852 _aNLR
_bЭ
_jКС379/1963
942 _cBOOK
980 _aNB